|
|
|
|
| LEADER |
00590cam a2200169 7i4500 |
| 001 |
0000040668 |
| 005 |
20050524090000.0 |
| 020 |
# |
0 |
|a 0521816572
|
| 020 |
# |
0 |
|a 0521016851
|
| 090 |
0 |
0 |
|a P 53
|b D489
|
| 245 |
0 |
0 |
|a Developing professional-level language proficiency
|c edited by Betty Lou Leaver and Boris Shekhtman.
|
| 260 |
# |
# |
|a New York:
|b Cambridge University Press,
|c 2002.
|
| 300 |
# |
# |
|a xiv, 308 p.:
|b ill.;
|c 24 cm..
|
| 650 |
0 |
0 |
|a Language and languages --
|x Study and teaching
|
| 700 |
1 |
1 |
|a Shekhtman,
|h Boris
|
| 700 |
1 |
1 |
|a Leaver,
|h Betty Lou
|
| 999 |
|
|
|a 1100032504
|b Book
|c Open Shelf
|e KOLEKSI TERBUKA
|